| 000 | 01173cam a22003494a 4500 | ||
|---|---|---|---|
| 001 | 15630073 | ||
| 003 | OSt | ||
| 005 | 20140310182741.0 | ||
| 008 | 090219s2010 at b 001 0 eng | ||
| 010 | _a 2009923268 | ||
| 020 | _a9781439078198 (pbk.) | ||
| 020 | _a9789814296649 | ||
| 020 | _a143907819X (pbk.) | ||
| 040 |
_aDLC _cDLC |
||
| 043 | _an-us--- | ||
| 050 | 0 | 0 |
_aHF 5686.C7 _b.K62 2010 |
| 100 | 1 |
_aKnapp, Michael Chris, _d1954- |
|
| 245 | 1 | 0 |
_aContemporary auditing : _breal issues and cases / _cMichael C. Knapp. |
| 250 | _a7th updated ed. | ||
| 260 |
_aAustralia ; _aMason, OH : _bSouth Western Cengage Learning, _c2010. |
||
| 300 |
_axxvii, 545 p. ; _c26 cm. |
||
| 504 | _aIncludes bibliographical references and index. | ||
| 521 | _aBSA | ||
| 650 | 0 |
_aCorporations _zUnited States _xAuditing _vCase studies. |
|
| 650 | 0 |
_aAuditing _xCorrupt practices _vCase studies. |
|
| 650 | 0 |
_aAuditors _xProfessional ethics _zUnited States. |
|
| 650 | 0 |
_aAuditing _xLaw and legislation _zUnited States _vCases. |
|
| 906 |
_a7 _bcbc _corignew _d3 _eepcn _f20 _gy-gencatlg |
||
| 942 |
_2lcc _cBK _kFOR |
||
| 999 |
_c15556 _d15556 |
||